Najlepsze drużyny narodowe w siatkówce - Statystyki

Ogólne statystyki
  • Ten quiz został rozwiązany 188 razy
  • Średni wynik to 16 z 20
Statystyki odpowiedzi
Pozycja Mężczyźni % Poprawnych
1 Polska
100%
5 USA
98%
7 Brazylia
96%
6 Francja
96%
3 Japonia
96%
2 Włochy
96%
9 Niemcy
94%
10 Kanada
92%
8 Argentyna
89%
4 Slowenia
86%
13 Holandia
77%
11 Serbia
77%
20 Egipt
73%
17 Turcja
73%
15 Iran
70%
16 Belgia
68%
19 Bułgaria
66%
14 Ukraina
66%
12 Kuba
63%
18 Czechy
60%
Nie znaleziono quizów pasujących do podanych kryteriów
Rozkład punktacji
Procent ludzi z każdym wynikiem
Percentyl według liczby udzielonych odpowiedzi
Twoja historia wyników
Nie rozwiązałeś tego quizu